000 00859nam a22002177a 4500
003 OSt
005 20110718134507.0
008 100403t xxu||||| |||| 00| 0 eng d
020 _a9966000054
040 _aNEGST Library - Kenya
_cNEGST Library - Kenya
_dNEGST Library - Kenya
050 1 4 _aBS 325.G57
_bA85 2003
245 _aAthawali Ahahu a Iziraeli: Daudi Sauli na Selemani :
_bThe three kings: David, Saul and Solomon; Giryama language, Kenya /
_ctranslator: Magundo Shukurani.
260 _aNairobi, Kenya :
_bBTL (E.A.),
_cc2003.
300 _a9 p.
440 _aGiryama shell book.
_92873
500 _aT.p. verso: "Illustrations are adapated from Look, listen and live Bible stories."
650 _aBible stories, Giryama
_xO.T.
_92874
650 _aGiryama language
_xReaders.
_92875
700 1 _aShukurani, Magundo.
_etr.
_92876
942 _2lcc
_cBK
999 _c45317
_d45291